Southville International School and Colleges
Your cart is empty.
  • Cart
  • Lists
    Public lists Eva Luna New books Lux_list list_1
    Your lists Log in to create your own lists
  • Log in to your account
  • Your cookies
  • Search history
Southville International School and Colleges
  • Advanced search
  • Recent comments
  • Most popular
  • Libraries

Log in to your account

Log in with GOOGLE


If you do not have an external account, but do have a local account, you can still log in:

  1. Home
  2. MARC view: Little Ladybug /
Normal view MARC view ISBD view

Little Ladybug / (Record no. 104898)

[ view plain ]
MARC details
000 -LEADER
fixed length control field 00690nam a2200193 a 4500
005 - DATE AND TIME OF LATEST TRANSACTION
control field 20140412111330.0
008 - FIXED-LENGTH DATA ELEMENTS--GENERAL INFORMATION
fixed length control field 030210s19uu xx 00 eng d
020 ## - INTERNATIONAL STANDARD BOOK NUMBER
International Standard Book Number 2-7641-0469-3
050 ## - LIBRARY OF CONGRESS CALL NUMBER
Classification number ER
Item number La12 1996
100 ## - MAIN ENTRY--PERSONAL NAME
Personal name Berowska, Marta
245 ## - TITLE STATEMENT
Title Little Ladybug /
Statement of responsibility, etc original text: Marta Berowska ; illustrations by Janusz Obluck.
260 ## - PUBLICATION, DISTRIBUTION, ETC. (IMPRINT)
Place of publication, distribution, etc Montreal, Canada :
Name of publisher, distributor, etc Tormont Publications Inc,
Date of publication, distribution, etc 1996.
300 ## - PHYSICAL DESCRIPTION
Extent 1 v. (unp.) ; ill.
440 ## - SERIES STATEMENT/ADDED ENTRY--TITLE
Title Who's there?
520 ## - SUMMARY, ETC.
Summary, etc Little Ladybug is out and about when it starts to rain and thunder. If she doesn't hurry, the rain will wash away her spots.
650 ## - SUBJECT ADDED ENTRY--TOPICAL TERM
Topical term or geographic name as entry element Bugs--Fiction
650 ## - SUBJECT ADDED ENTRY--TOPICAL TERM
Topical term or geographic name as entry element Childrens stories
Holdings
Withdrawn status Lost status Damaged status Use restrictions Home library Current library Shelving location Date acquired Source of acquisition Total Checkouts Full call number Barcode Date last seen Price effective from Koha item type
        Elizalde Library Elizalde Library Easy Reading Section 02/10/2003     ER La12 1996 E8964 04/12/2014 04/12/2014 Books

Little Ladybug /

APA

Berowska M., . (1996). Little Ladybug. Montreal, Canada: Tormont Publications Inc.

Chicago

Berowska Marta, . 1996. Little Ladybug. Montreal, Canada: Tormont Publications Inc.

Harvard

Berowska M., . (1996). Little Ladybug. Montreal, Canada: Tormont Publications Inc.

MLA

Berowska Marta, . Little Ladybug. Montreal, Canada: Tormont Publications Inc. 1996.

  • Place hold
  • Print
  • Cite
  • Add to your cart (remove)
  • Save record
    BIBTEX Dublin Core MARCXML MARC (non-Unicode/MARC-8) MARC (Unicode/UTF-8) MARC (Unicode/UTF-8, Standard) MODS (XML) RIS
  • More searches
    Search for this title in:
    Other Libraries (WorldCat) Other Databases (Google Scholar) Online Stores (Bookfinder.com) Open Library (openlibrary.org)

Exporting to Dublin Core...

SOUTHVILLE LIBRARY

Southville International School and Colleges Library

1281 Tropical Ave. Cor. Luxembourg St., BF Homes International, Las Pinas City

Tel. No. 8256374 / 252358 Loc. 117/146

Powered by Koha